Calendrical calculations / (Record no. 10716)
[ view plain ]
| 000 -LEADER | |
|---|---|
| fixed length control field | 01662cam a2200385 i 4500 |
| 001 - CONTROL NUMBER | |
| control field | 11986408 |
| 003 - CONTROL NUMBER IDENTIFIER | |
| control field | EG-ScBUE |
| 005 - DATE AND TIME OF LATEST TRANSACTION | |
| control field | 20241221103416.0 |
| 006 - FIXED-LENGTH DATA ELEMENTS--ADDITIONAL MATERIAL CHARACTERISTICS--GENERAL INFORMATION | |
| fixed length control field | m||||fq||h 00| 0 |
| 008 - FIXED-LENGTH DATA ELEMENTS--GENERAL INFORMATION | |
| fixed length control field | 000426s2001 enka f b 001 0 eng d |
| 020 ## - INTERNATIONAL STANDARD BOOK NUMBER | |
| International Standard Book Number | 9780521777520 |
| 020 ## - INTERNATIONAL STANDARD BOOK NUMBER | |
| International Standard Book Number | 0521777526 (pbk) |
| 040 ## - CATALOGING SOURCE | |
| Original cataloging agency | DLC |
| Language of cataloging | eng |
| Description conventions | rda |
| Transcribing agency | DLC |
| Modifying agency | DLC |
| -- | EG-ScBUE |
| 082 04 - DEWEY DECIMAL CLASSIFICATION NUMBER | |
| Classification number | 529.3 |
| Item number | REI |
| Edition number | 22 |
| 100 1# - MAIN ENTRY--PERSONAL NAME | |
| Personal name | Reingold, Edward M., |
| Dates associated with a name | 1945- |
| Relator term | author. |
| 9 (RLIN) | 6987 |
| 245 10 - TITLE STATEMENT | |
| Title | Calendrical calculations / |
| Statement of responsibility, etc | Edward M. Reingold, University of Illinois at Urbana-Champaign, Nachum Dershowitz, Tel Aviv University. |
| 250 ## - EDITION STATEMENT | |
| Edition statement | The millennium edition. |
| 264 #1 - PUBLICATION, DISTRIBUTION, ETC. (IMPRINT) | |
| Place of publication, distribution, etc | Cambridge ; |
| -- | New York : |
| Name of publisher, distributor, etc | Cambridge University Press, |
| Date of publication, distribution, etc | 2001. |
| 300 ## - PHYSICAL DESCRIPTION | |
| Extent | xxxii, 422 pages : |
| Other physical details | illustrations ; |
| Dimensions | 24 cm + |
| Accompanying material | 1 CD |
| 336 ## - CONTENT TYPE | |
| Source | rdacontent |
| Content type term | text |
| Content type code | txt |
| 336 ## - CONTENT TYPE | |
| Source | rdacontent |
| Content type term | sounds |
| Content type code | snd |
| 337 ## - MEDIA TYPE | |
| Media type term | unmediated |
| Source | rdamedia |
| Media type code | n |
| 337 ## - MEDIA TYPE | |
| Media type term | audio |
| Source | rdamedia |
| Media type code | s |
| 338 ## - CARRIER TYPE | |
| Carrier type term | volume |
| Carrier type code | nc |
| Source | rdacarrier |
| 338 ## - CARRIER TYPE | |
| Carrier type term | computer disc |
| Carrier type code | cd |
| Source | rdacarrier |
| 504 ## - BIBLIOGRAPHY, ETC. NOTE | |
| Bibliography, etc | Includes bibliographical references and index. |
| 650 #7 - SUBJECT ADDED ENTRY--TOPICAL TERM | |
| Topical term or geographic name as entry element | Calendar |
| General subdivision | Mathematics. |
| 9 (RLIN) | 6988 |
| Source of heading or term | BUEsh |
| 651 ## - SUBJECT ADDED ENTRY--GEOGRAPHIC NAME | |
| Source of heading or term | BUEsh |
| 655 ## - INDEX TERM--GENRE/FORM | |
| Form subdivision | Reading book |
| 700 1# - ADDED ENTRY--PERSONAL NAME | |
| Personal name | Dershowitz, Nachum, |
| Relator term | author. |
| 9 (RLIN) | 6989 |
| 856 42 - ELECTRONIC LOCATION AND ACCESS | |
| Materials specified | Publisher description |
| Uniform Resource Identifier | <a href="http://www.loc.gov/catdir/description/cam021/00031263.html">http://www.loc.gov/catdir/description/cam021/00031263.html</a> |
| 856 41 - ELECTRONIC LOCATION AND ACCESS | |
| Materials specified | Table of contents |
| Uniform Resource Identifier | <a href="http://www.loc.gov/catdir/toc/cam023/00031263.html">http://www.loc.gov/catdir/toc/cam023/00031263.html</a> |
| 942 ## - ADDED ENTRY ELEMENTS (KOHA) | |
| Source of classification or shelving scheme | Dewey Decimal Classification |
| Koha item type | Book - Borrowing |
| Withdrawn status | Lost status | Source of classification or shelving scheme | Damaged status | Not for loan | Collection code | Home library | Current library | Shelving location | Date acquired | Source of acquisition | Cost, normal purchase price | Serial Enumeration / chronology | Total Checkouts | Total Renewals | Full call number | Barcode | Date last seen | Date checked out | Price effective from | Koha item type |
|---|---|---|---|---|---|---|---|---|---|---|---|---|---|---|---|---|---|---|---|---|
| Dewey Decimal Classification | Alahram | Central Library | Central Library | First floor | 05/02/2009 | Purchase | 192.20 | 6384 | 1 | 1 | 529.3 REI | 000014685 | 15/07/2025 | 20/11/2017 | 05/02/2009 | Book - Borrowing | ||||
| Dewey Decimal Classification | Alahram | Central Library | Central Library | First floor | 25/06/2009 | Purchase | 529.3 REI | 000043565 | 24/08/2022 | CD | DVD - With book | ||||||||||
| Dewey Decimal Classification | Alef-Baa | Central Library | Central Library | First floor | 25/06/2009 | Purchase | 150.00 | 529.3 REI | 000016921 | 15/07/2025 | 25/06/2009 | Book - Borrowing | ||||||||
| Dewey Decimal Classification | Alef-Baa | Central Library | Central Library | First floor | 25/06/2009 | Purchase | 529.3 REI | 000016920 | 24/08/2022 | 25/06/2009 | CD | DVD - With book |